书目信息 |
| 题名: |
教师口语
|
|
| 作者: | ;国家教育委员会师范教育司 组编 | |
| 分册: | ||
| 出版信息: | 北京 北京师范大学出版社 1996 |
|
| 页数: | 328页 | |
| 开本: | 20cm | |
| 丛书名: | ||
| 单 册: | ||
| 中图分类: | H193.2 , 41.278 | |
| 科图分类: | ||
| 主题词: | 教师--口语--师范大学--教材 , 口语 , 教师 | |
| 电子资源: | ||
| ISBN: | 7-303-04175-3 | |
| 000 | 01027nam0 2200289 450 | |
| 000 | 01033nam0 2200289 450 | |
| 000 | 00964nam0 2200265 450 | |
| 000 | 00928nam0 2200253 45 | |
| 005 | 20070727164333.01 | |
| 010 | @a7-303-04175-3@dCNY13.60 | |
| 100 | @a20070418e20061996em y0chiy0120 ea | |
| 101 | 0 | @achi |
| 102 | @aCN@b110000 | |
| 105 | @ay z 000yy | |
| 200 | 1 | @a教师口语@AJiao Shi Kou Yu@f国家教育委员会师范教育司组编@FGuo Jia Jiao Yu Wei Yuan Hui Shi Fan Jiao Yu Si Zu Bian |
| 210 | @a北京@c北京师范大学出版社@d1996@h2007 | |
| 215 | @a328页@d20cm | |
| 300 | @a高等院校(本专科)通用教材 | |
| 330 | @a本书主要分为上中下三篇.上篇主要写的是:普通话训练,中篇主要写的:一般口语交际训练,下篇主要写的是:教师职业口语训练. | |
| 606 | 0 | @a教师@x口语@x师范大学@j教材 |
| 606 | 0 | @a口语 |
| 606 | 0 | @a教师 |
| 690 | @aH193.2@v4 | |
| 690 | @a41.278@v4 | |
| 711 | 02 | @a国家教育委员会师范教育司 组编@AGuo Jia Jiao Yu Wei Yuan Hui Shi Fan Jiao Yu Si Zu Bian |
| 801 | 0 | @aCN@bTAOJIN@c20070727 |
| 905 | @a10447@dH193.2@e277 | |
| 教师口语/国家教育委员会师范教育司组编.-北京:北京师范大学出版社,1996(2007) |
| 328页;20cm |
| 高等院校(本专科)通用教材 |
| ISBN 7-303-04175-3:CNY13.60 |
| 本书主要分为上中下三篇.上篇主要写的是:普通话训练,中篇主要写的:一般口语交际训练,下篇主要写的是:教师职业口语训练. |
| ● |
| 相关链接 |
|
|
|
|
正题名:教师口语
索取号:H193.2/277
 
预约/预借
| 序号 | 登录号 | 条形码 | 馆藏地/架位号 | 状态 | 备注 |
| 1 | 0821868 | 208218686 | 第二样本阅览室/ [索取号:H193.2/277] | 在馆 | |
| 2 | 0821869 | 208218695 | 第四借阅区/ [索取号:H193.2/277] | 在馆 | |
| 3 | 0821870 | 208218702 | 第四借阅区/ [索取号:H193.2/277] | 在馆 | |
| 4 | 0821871 | 208218711 | 第四借阅区/ [索取号:H193.2/277] | 在馆 | |
| 5 | 0821872 | 208218720 | 第四借阅区/ [索取号:H193.2/277] | 在馆 |